Global Power City Index (GPCI) top 10 - Statistics

General Stats
  • This quiz has been taken 22 times
  • The average score is 8 of 10
Answer Stats
Hint Answer % Correct
1. London
100%
4. Paris
100%
2. New York City
94%
3. Tokyo
94%
10. Berlin
89%
7. Seoul
89%
5. Singapore
83%
6. Amsterdam
67%
8. Dubai
56%
9. Melbourne
39%
No matching quizzes found
Score Distribution
Percent of People with Each Score
Percentile by Number Answered
Your Score History
You have not taken this quiz